Sports Quiz

Random Sports or World Quiz

World Series Winner 2000-2010 Quiz Stats

 Plays Quiz not verified by Sporcle

Also try: NFL Stadiums
Challenge
Share
Tweet
Embed
Score 0/11 Timer 05:00
0 Plays Today
% Correct
Boston Red Sox
100%
Boston Red Sox
100%
New York Yankees
98.1%
St. Louis Cardinals
98.1%
New York Yankees
98.1%
San Francisco Giants
94.3%
Arizona Diamondbacks
92.5%
Florida Marlins
92.5%
Philadelphia Phillies
88.7%
Chicago White Sox
86.8%
Anaheim Angels
84.9%

You're not logged in!

Compare scores with friends on all Sporcle quizzes.
Join for Free
OR
Log In

You Might Also Like...

Show Comments

Extras

Top Quizzes Today


Score Distribution

Your Account Isn't Verified!

In order to create a playlist on Sporcle, you need to verify the email address you used during registration. Go to your Sporcle Settings to finish the process.

Report this User

Report this user for behavior that violates our Community Guidelines.

Details: